[Event "Online Olym Top DivA 2021"]
[Site "chess.com INT"]
[Date "2021.09.10"]
[Round "8.4"]
[Board "1"]
[White "Hovhannisyan, Robert"]
[Black "Megaranto, Susanto"]
[Result "1/2-1/2"]
[WhiteTitle "GM"]
[BlackTitle "GM"]
[WhiteElo "2626"]
[BlackElo "2548"]
[WhiteTeam "Armenia"]
[BlackTeam "Indonesia"]
[WhiteFideId "13302507"]
[BlackFideId "7101384"]
[EventDate "2021.09.08"]
[EventType "team"]

1. e4 d5 2. exd5 Qxd5 3. Nf3 c6 4. d4 Bg4 5. Be2 e6 6. h3 Bh5 7. O-O Nf6 8. c4
Qd8 9. Nc3 Be7 10. Bf4 O-O 11. Re1 Nbd7 12. Ne5 Bxe2 13. Qxe2 Re8 14. Rad1 Bb4
15. Qc2 Qa5 16. Bd2 Rad8 17. a3 Bxc3 18. Bxc3 Qc7 19. b3 Nf8 20. a4 N6d7 21. Ng4
Ng6 22. Qb2 f6 23. Ne3 Qf4 24. g3 Qf3 25. Qe2 Qxe2 26. Rxe2 Kf7 27. Kg2 h5 28.
h4 Ne7 29. Bb4 Nf5 30. Nxf5 exf5 31. Rde1 Rxe2 32. Rxe2 Re8 33. Rxe8 Kxe8 34.
Kf3 Kf7 35. d5 c5 36. Bd2 b6 37. a5 Ke7 38. axb6 axb6 39. Bf4 Kd8 40. Ke3 Kc8
41. Bd6 Kb7 42. Kf4 g6 43. Be7 b5 44. Ke3 bxc4 45. bxc4 Kb6 46. Bd8+ Kb7 47. f4
Kc8 48. Be7 Kb7 49. Kd3 Kb6 50. Bd8+ Kb7 51. Kc3 Ka7 52. Be7 Kb6 53. Kb2 Ka5 54.
Ka3 Ka6 55. Kb3 Kb6 56. Ka4 Ka6 57. Bd8 Nf8 58. Bxf6 Nd7 59. Bd8 Nf8 60. Be7 Nd7
61. Bd6 Nb6+ 62. Kb3 Nd7 63. Kc3 Kb6 64. Be7 Kc7 65. Kd3 Kb6 66. Kc2 Kb7 67. Kd3
Kc7 68. Bg5 Kb7 69. Bh6 Kc7 70. Bg7 Kb7 71. Bc3 Kb6 72. Kc2 Ka6 73. Kd2 Kb7 74.
Be5 Ka6 75. Bd6 Kb6 76. Be7 Ka6 77. Bd8 Kb7 78. Ke3 Ka6 79. Ke2 Kb7 80. Kd2 Kc8
81. Ba5 Kb7 82. Kc3 Ka6 83. Bc7 Kb7 84. Bd6 Kb6 85. Kd3 Kb7 86. Bxc5 Nxc5+ 87.
Kd4 Kb6 88. Ke5 Kc7 89. Kf6 Ne4+ 90. Ke7 Nc5 91. Kf7 Ne4 92. Ke6 Nc5+ 93. Kf7
Ne4 94. Kxg6 Nxg3 95. c5 Kd7 96. Kf6 Ne4+ 97. Kxf5 Nxc5 98. Kg6 Nd3 99. Kg5 Kd6
100. f5 Kxd5 101. Kxh5 Ke5 102. Kg5 Nf4 103. f6 Ne6+ 104. Kg6 Nf4+ 105. Kg5 Ke6
106. f7 Kxf7 107. h5 Kg7 108. h6+ Kh8 109. Kxf4 Kh7 110. Ke5 Kh8 111. h7 Kxh7 1/2-1/2

[Event "Online Olym Top DivA 2021"]
[Site "chess.com INT"]
[Date "2021.09.10"]
[Round "8.4"]
[Board "2"]
[White "Ervan, Mohamad"]
[Black "Gabuzyan, Hovhannes"]
[Result "1/2-1/2"]
[WhiteTitle "IM"]
[BlackTitle "GM"]
[WhiteElo "2356"]
[BlackElo "2583"]
[WhiteTeam "Indonesia"]
[BlackTeam "Armenia"]
[WhiteFideId "7102135"]
[BlackFideId "13303732"]
[EventDate "2021.09.08"]
[EventType "team"]

1. e4 c5 2. Nf3 Nc6 3. d4 cxd4 4. Nxd4 g6 5. c4 Nf6 6. Nc3 d6 7. Be2 Nxd4 8.
Qxd4 Bg7 9. Be3 O-O 10. Qd2 a5 11. O-O a4 12. Bd4 Qa5 13. Rad1 Be6 14. f4 Qb4
15. a3 Qa5 16. Qe3 Rac8 17. Bb6 Qa8 18. Nd5 Bxd5 19. exd5 Nd7 20. Bd4 Bxd4 21.
Qxd4 Qa5 22. Rfe1 Rc7 23. Bf1 Nf6 24. Re3 Re8 25. Rde1 Kf8 26. h3 Qc5 27. Qxc5
Rxc5 28. b4 axb3 29. Rxb3 Rc7 30. Reb1 Rb8 31. a4 Ne4 32. Rb6 Ra8 33. Rxb7 Rxb7
34. Rxb7 Rxa4 35. Bd3 Nc5 36. Rb8+ Kg7 37. Be2 h5 38. g4 h4 39. Re8 Ra3 40. Rxe7
Rxh3 41. g5 Rg3+ 42. Kf2 Rc3 43. Re3 Rc2 44. Kf3 Na4 45. Kg4 Nc3 46. Bf3 Na2 47.
Re2 Rxe2 48. Bxe2 Nc3 49. Bf3 Na4 50. Kxh4 Nc5 51. Kg3 Kf8 52. Kf2 Ke7 53. Ke3
Kd7 54. Kd4 Nb3+ 55. Kc3 Nc5 56. Bg4+ Ke7 57. Bd1 Ne4+ 58. Kd4 Nc5 59. Bc2 Kf8
60. Kc3 Ke7 61. Kb4 Na6+ 62. Kb5 Nc5 63. Kc6 Nd7 64. Ba4 Nc5 65. Bc2 Nd7 66. Kb7
Nc5+ 67. Kc7 Na6+ 68. Kb6 Nc5 69. Kc6 1/2-1/2

[Event "Online Olym Top DivA 2021"]
[Site "chess.com INT"]
[Date "2021.09.10"]
[Round "8.4"]
[Board "3"]
[White "Gaboyan, Susanna"]
[Black "Sukandar, Irine Kharisma"]
[Result "0-1"]
[WhiteTitle "WIM"]
[BlackTitle "IM"]
[WhiteElo "2253"]
[BlackElo "2406"]
[WhiteTeam "Armenia"]
[BlackTeam "Indonesia"]
[WhiteFideId "13303627"]
[BlackFideId "7101937"]
[EventDate "2021.09.08"]
[EventType "team"]

1. Nf3 d5 2. g3 Nf6 3. Bg2 Bf5 4. O-O e6 5. d3 h6 6. Nbd2 Be7 7. Qe1 Bh7 8. e4
dxe4 9. dxe4 O-O 10. Qe2 c5 11. Ne5 Nbd7 12. Ndc4 Nxe5 13. Nxe5 Qd4 14. Bf4 Rad8
15. c3 Qa4 16. Rfe1 Nd7 17. Qc4 Qxc4 18. Nxc4 g5 19. Bc7 Rc8 20. Bd6 Rfe8 21.
Rad1 b5 22. Bxe7 Rxe7 23. Na5 Nb6 24. Rd2 Rd7 25. Rxd7 Nxd7 26. Rd1 Nb6 27. e5
Bc2 28. Rd2 Bb1 29. Nc6 Rc7 30. b3 Kg7 31. Kf1 Nd5 32. Bxd5 exd5 33. Na5 Be4 34.
Ke2 g4 35. b4 Bf3+ 36. Ke3 cxb4 37. cxb4 Rc3+ 38. Kd4 Rc1 39. Ke3 Kg6 40. h4
gxh3 41. Kxf3 h2 0-1

[Event "Online Olym Top DivA 2021"]
[Site "chess.com INT"]
[Date "2021.09.10"]
[Round "8.4"]
[Board "4"]
[White "Aulia, Medina Warda"]
[Black "Ghukasyan, Siranush"]
[Result "1-0"]
[WhiteTitle "IM"]
[BlackTitle "WIM"]
[WhiteElo "2367"]
[BlackElo "2168"]
[WhiteTeam "Indonesia"]
[BlackTeam "Armenia"]
[WhiteFideId "7101570"]
[BlackFideId "13300946"]
[EventDate "2021.09.08"]
[EventType "team"]

1. e4 e5 2. Nf3 Nc6 3. Bb5 a6 4. Ba4 Nf6 5. d3 d6 6. c3 g6 7. O-O Bg7 8. Nbd2
O-O 9. Re1 b5 10. Bb3 Nd7 11. h3 Nc5 12. Bd5 Bb7 13. Nf1 Ne6 14. a4 Qd7 15. Be3
Rfb8 16. b4 Ne7 17. Bxb7 Rxb7 18. axb5 Rxb5 19. N1d2 f5 20. exf5 gxf5 21. Nc4 f4
22. Bd2 Nf5 23. Ra3 c5 24. bxc5 Nxc5 25. Qe2 Rab8 26. d4 exd4 27. cxd4 Nb3 28.
Bxf4 Nbxd4 29. Nxd4 Nxd4 30. Qa2 Kh8 31. Bxd6 Rc8 32. Ne5 Rxe5 33. Bxe5 Nc2 34.
Bxg7+ Qxg7 35. Rg3 Qf6 36. Rd1 Nd4 37. Rg4 Rd8 38. Rdxd4 1-0

[Event "Online Olym Top DivA 2021"]
[Site "chess.com INT"]
[Date "2021.09.10"]
[Round "8.4"]
[Board "5"]
[White "Gharibyan, Mamikon"]
[Black "Arfan, Aditya Bagus"]
[Result "0-1"]
[WhiteTitle "IM"]
[BlackTitle "CM"]
[WhiteElo "2471"]
[BlackElo "2274"]
[WhiteTeam "Armenia"]
[BlackTeam "Indonesia"]
[WhiteFideId "13308300"]
[BlackFideId "7106041"]
[EventDate "2021.09.08"]
[EventType "team"]

1. Nf3 g6 2. g3 Bg7 3. Bg2 e5 4. d3 d5 5. c4 dxc4 6. Qa4+ Nc6 7. Qxc4 Nge7 8.
O-O O-O 9. Nc3 Be6 10. Qh4 f6 11. Qa4 Nd5 12. Nxd5 Bxd5 13. Be3 f5 14. Rac1 f4
15. Bc5 Rf7 16. Rfe1 Bh6 17. Rc2 b6 18. Ba3 Qf6 19. Rec1 Nd4 20. Nxd4 Bxg2 21.
Kxg2 exd4 22. Qc6 Qxc6+ 23. Rxc6 f3+ 24. exf3 Bxc1 25. Rxc1 c5 26. b4 Rc8 27.
bxc5 bxc5 28. Rxc5 Rxc5 29. Bxc5 a6 30. f4 Rc7 31. Bxd4 Rd7 32. Bc5 Rxd3 33. a3
Kf7 34. Kh3 Ke6 35. Kg4 h6 36. Bf8 h5+ 37. Kh4 Kf5 38. h3 Rd5 39. Bh6 Ke4 40. g4
hxg4 41. hxg4 Ra5 42. f5 gxf5 43. g5 Ke5 44. Kh5 Rxa3 45. Kg6 Ke6 46. Bf8 Ra2
47. f4 Ra4 48. Kg7 Rxf4 49. g6 Rg4 50. Ba3 f4 51. Kh6 f3 52. Bc5 a5 53. Kh5 Rg2
54. Kh6 a4 55. g7 Kf7 56. Bd4 Kg8 57. Kh5 a3 0-1

[Event "Online Olym Top DivA 2021"]
[Site "chess.com INT"]
[Date "2021.09.10"]
[Round "8.4"]
[Board "6"]
[White "Latifah, Laysa"]
[Black "Mkrtchyan, Mariam"]
[Result "1-0"]
[BlackTitle "WFM"]
[WhiteElo "1897"]
[BlackElo "2234"]
[WhiteTeam "Indonesia"]
[BlackTeam "Armenia"]
[WhiteFideId "7111541"]
[BlackFideId "13310828"]
[EventDate "2021.09.08"]
[EventType "team"]

1. e4 c6 2. d4 d5 3. Nc3 dxe4 4. Nxe4 Nf6 5. Nxf6+ exf6 6. c3 Bd6 7. Bd3 O-O 8.
Qc2 Re8+ 9. Ne2 h5 10. Be3 Nd7 11. O-O-O Nf8 12. Ng3 g6 13. Rde1 f5 14. Qd2 Qa5
15. Kb1 Be6 16. b3 Bd5 17. Bh6 Nh7 18. f3 Be6 19. Ne2 f6 20. Nf4 Bf7 21. g4 Bxf4
22. Bxf4 g5 23. Bd6 Qd5 24. Ba3 hxg4 25. fxg4 fxg4 26. Rhf1 Rxe1+ 27. Qxe1 Re8
28. Qf2 Re6 29. Qc2 Nf8 30. Bxf8 Kxf8 31. Bc4 Qd6 32. Bxe6 Qxe6 33. Qf2 Kg7 34.
Re1 Qd6 35. Qg3 Qxg3 36. hxg3 Kf8 37. Kc2 Bd5 38. Kd3 Kf7 39. c4 Bf3 40. Ke3 f5
41. a4 a5 42. Rb1 Be4 43. Rb2 Ke6 44. b4 b6 45. bxa5 bxa5 46. Rb6 Bc2 47. Rxc6+
Ke7 48. Rc5 Kf6 49. Rxa5 Ke6 50. Ra6+ Ke7 51. a5 Bb3 52. Rc6 Bd1 53. a6 Bf3 54.
Rc5 Ke6 55. a7 Bb7 56. Rc7 Ba8 57. Rc8 1-0

[Event "Online Olym Top DivA 2021"]
[Site "chess.com INT"]
[Date "2021.09.10"]
[Round "8.5"]
[Board "1"]
[White "Zhao, Zong-Yuan"]
[Black "Batchuluun, Tsegmed"]
[Result "1-0"]
[WhiteTitle "GM"]
[BlackTitle "GM"]
[WhiteElo "2525"]
[BlackElo "2536"]
[WhiteTeam "Australia"]
[BlackTeam "Mongolia"]
[WhiteFideId "3202534"]
[BlackFideId "4900847"]
[EventDate "2021.09.08"]
[EventType "team"]

1. d4 Nf6 2. Nf3 e6 3. Bf4 c5 4. e3 Nc6 5. Nbd2 d5 6. c3 Bd6 7. Bg3 O-O 8. Bd3
b6 9. Qe2 Bb7 10. Rd1 Qc7 11. e4 dxe4 12. Nxe4 Nxe4 13. Qxe4 g6 14. dxc5 bxc5
15. Bxd6 Qxd6 16. Qe3 Qe7 17. O-O Rad8 18. h4 Rd7 19. Be4 Rfd8 20. Rxd7 Rxd7 21.
Bxc6 Bxc6 22. Ne5 Rc7 23. h5 c4 24. Nxc6 Rxc6 25. h6 Rc8 26. Rd1 Rd8 27. Rd4
Rxd4 28. Qxd4 Qf8 29. Qxa7 Qxh6 30. Qb8+ Kg7 31. Qe5+ Kg8 32. Qb8+ Kg7 33. Qe5+
Kg8 34. f4 Qf8 35. a4 Qa8 36. a5 h5 37. Kh2 Qb7 38. Qd4 Qc6 39. Qd8+ Kg7 40.
Qd4+ Kh7 41. Qf6 Kg8 42. Qe5 Kh7 43. Qd4 Kg8 44. Qb6 Qe4 45. Qb8+ Kg7 46. Qe5+
Qxe5 47. fxe5 1-0

[Event "Online Olym Top DivA 2021"]
[Site "chess.com INT"]
[Date "2021.09.10"]
[Round "8.5"]
[Board "2"]
[White "Nasanjargal, Urtnasan"]
[Black "Ly, Moulthun"]
[Result "0-1"]
[WhiteTitle "GM"]
[BlackTitle "GM"]
[WhiteElo "2460"]
[BlackElo "2484"]
[WhiteTeam "Mongolia"]
[BlackTeam "Australia"]
[WhiteFideId "4900774"]
[BlackFideId "3204405"]
[EventDate "2021.09.08"]
[EventType "team"]

1. d4 Nf6 2. c4 g6 3. Nc3 Bg7 4. e4 d6 5. Nf3 O-O 6. Be2 Nbd7 7. O-O e5 8. Be3
Re8 9. d5 Nh5 10. g3 Bf8 11. Ne1 Ng7 12. Nd3 f5 13. Qd2 Nf6 14. Bf3 Be7 15. Bg2
Ng4 16. Rae1 Nxe3 17. fxe3 Bg5 18. exf5 gxf5 19. Qd1 Bd7 20. e4 Rf8 21. exf5
Nxf5 22. Ne4 Be3+ 23. Kh1 Bd4 24. Qg4+ Kh8 25. Ng5 Qe7 26. Qh5 Be8 27. Qxh7+
Qxh7 28. Nxh7 Kxh7 29. g4 Bg6 30. gxf5 Rxf5 31. Rxf5 Bxf5 32. Be4 Kg6 33. h3 Rg8
34. Bxf5+ Kxf5 35. Rf1+ Ke4 36. Nf2+ Kf3 37. Ng4+ Kg3 38. Nf6 Rh8 39. Ne4+ Kxh3
40. Rf7 Rh4 0-1

[Event "Online Olym Top DivA 2021"]
[Site "chess.com INT"]
[Date "2021.09.10"]
[Round "8.5"]
[Board "3"]
[White "Zhang, Jilin"]
[Black "Bayarmaa, Bayarjargal"]
[Result "0-1"]
[WhiteTitle "WGM"]
[BlackTitle "WIM"]
[WhiteElo "2245"]
[BlackElo "2124"]
[WhiteTeam "Australia"]
[BlackTeam "Mongolia"]
[WhiteFideId "8602867"]
[BlackFideId "4900260"]
[EventDate "2021.09.08"]
[EventType "team"]

1. e4 c5 2. Nf3 d6 3. d4 cxd4 4. Nxd4 Nf6 5. Nc3 a6 6. Be2 e6 7. O-O Nbd7 8. a4
b6 9. f3 Bb7 10. Be3 Be7 11. Qd2 O-O 12. Rfd1 Qc7 13. Kh1 Rfc8 14. Bf1 Ne5 15.
Bg5 h6 16. Be3 Bf8 17. Rac1 Nc4 18. Bxc4 Qxc4 19. Nde2 b5 20. b3 Qb4 21. Bf4 d5
22. e5 Nd7 23. axb5 axb5 24. Qd3 Ba6 25. Ra1 Qc5 26. Be3 Nxe5 27. Qd2 Qc6 28.
Bd4 Ng6 29. f4 b4 30. Na4 Bxe2 31. Qxe2 Qxc2 32. Rd2 Qxb3 33. Rb2 Qc4 34. Qd2
Rxa4 35. Rxa4 Qf1+ 36. Bg1 Rc1 37. Qf2 Qxf2 38. Rxf2 Bc5 39. Ra8+ Kh7 40. Rc8 b3
41. h3 b2 42. Rxb2 Rxg1+ 43. Kh2 Rc1 44. Rbb8 Nxf4 45. Kg3 Ne2+ 46. Kf3 Nd4+ 47.
Kg4 Kg6 48. h4 h5+ 49. Kg3 Nf5+ 50. Kf3 Rc3+ 51. Ke2 Nxh4 52. Rb5 Bd4 53. Rxc3
Bxc3 54. Kf2 Bd4+ 55. Kg3 Nf5+ 56. Kf3 Bf6 57. Rb7 d4 58. Rd7 Ne7 59. Ra7 Nd5
60. Ke4 Ne3 61. Kf3 e5 62. Rd7 Ng4 63. Ke4 Bh4 64. Kf3 f5 65. Ra7 e4+ 66. Ke2
d3+ 0-1

[Event "Online Olym Top DivA 2021"]
[Site "chess.com INT"]
[Date "2021.09.10"]
[Round "8.5"]
[Board "4"]
[White "Batchimeg, Tuvshintugs"]
[Black "Nguyen, Thu Giang"]
[Result "1-0"]
[WhiteTitle "IM"]
[BlackTitle "WFM"]
[WhiteElo "2355"]
[BlackElo "2119"]
[WhiteTeam "Mongolia"]
[BlackTeam "Australia"]
[WhiteFideId "4900839"]
[BlackFideId "12400980"]
[EventDate "2021.09.08"]
[EventType "team"]

1. Nf3 Nf6 2. d4 e6 3. c4 Bb4+ 4. Bd2 c5 5. g3 Bxd2+ 6. Qxd2 Ne4 7. Qd3 f5 8. d5
Qa5+ 9. Nfd2 Na6 10. Bg2 Nb4 11. Qb3 d6 12. O-O Nxd2 13. Nxd2 e5 14. Qc3 Qc7 15.
e4 O-O 16. a3 Na6 17. f4 exf4 18. Rxf4 Bd7 19. Raf1 g6 20. exf5 Rxf5 21. Ne4
Raf8 22. Rxf5 Rxf5 23. Nf6+ Kf7 24. Nxh7 Qd8 25. h4 Nc7 26. Be4 Rxf1+ 27. Kxf1
Qe7 28. Qh8 Qe8 29. Qf6+ Kg8 30. Bxg6 Bh3+ 31. Kf2 Qe5 32. Qf7+ Kh8 33. Qf8# 1-0

[Event "Online Olym Top DivA 2021"]
[Site "chess.com INT"]
[Date "2021.09.10"]
[Round "8.5"]
[Board "5"]
[White "Winkelman, Albert"]
[Black "Batsuren, Dambasuren"]
[Result "0-1"]
[WhiteTitle "FM"]
[BlackTitle "GM"]
[WhiteElo "2257"]
[BlackElo "2501"]
[WhiteTeam "Australia"]
[BlackTeam "Mongolia"]
[WhiteFideId "3219941"]
[BlackFideId "4902920"]
[EventDate "2021.09.08"]
[EventType "team"]

1. e4 d6 2. d4 Nf6 3. Nc3 g6 4. Nf3 Bg7 5. Be2 O-O 6. O-O a6 7. Bg5 h6 8. Bh4
Bg4 9. e5 dxe5 10. dxe5 Nfd7 11. h3 Bxf3 12. Bxf3 Nxe5 13. Bxb7 Ra7 14. Bd5 c6
15. Bb3 Rd7 16. Qe2 c5 17. Rad1 Nbc6 18. Rxd7 Qxd7 19. Rd1 Nd4 20. Qxa6 Nef3+
21. gxf3 Nxf3+ 22. Kf1 Qxh3+ 23. Ke2 Nxh4 24. Rg1 Nf3 25. Rg3 Nd4+ 26. Kd2 Qf5
27. Qf1 c4 28. Ba4 Qf4+ 29. Re3 Nf5 30. Qe2 Rd8+ 31. Kc1 Bxc3 32. bxc3 Nxe3 33.
fxe3 Qd6 34. Bb5 Qa3+ 0-1

[Event "Online Olym Top DivA 2021"]
[Site "chess.com INT"]
[Date "2021.09.10"]
[Round "8.5"]
[Board "6"]
[White "Tsogzolmaa, Nanjid"]
[Black "Cheng, Chao Xin"]
[Result "1-0"]
[WhiteElo "1895"]
[BlackElo "1731"]
[WhiteTeam "Mongolia"]
[BlackTeam "Australia"]
[WhiteFideId "4903099"]
[BlackFideId "3232468"]
[EventDate "2021.09.08"]
[EventType "team"]

1. d4 d5 2. Bf4 Nf6 3. e3 e6 4. Nf3 Bd6 5. Bg3 b6 6. Nbd2 Bb7 7. c3 O-O 8. Bd3
c5 9. Qe2 Nc6 10. Rd1 Rc8 11. e4 dxe4 12. Nxe4 Nxe4 13. Qxe4 g6 14. dxc5 Bxc5
15. Ba6 Qe7 16. Bxb7 Qxb7 17. b4 Be7 18. b5 Bf6 19. bxc6 Bxc3+ 20. Nd2 Rxc6 21.
O-O f5 22. Qe3 Qf7 23. Be5 Bxe5 24. Qxe5 Rc5 25. Qe3 e5 26. Nf3 f4 27. Qe4 Qf5
28. Qb7 Rf7 29. Qb8+ Kg7 30. Qe8 g5 31. Rfe1 Rc8 32. Qxe5+ Qxe5 33. Rxe5 h6 34.
h3 Rc2 35. Rd6 Rxa2 36. Nd4 Ra1+ 37. Kh2 Rc7 38. Nf5+ Kf8 39. Rf6+ Kg8 40. Re8+
Kh7 41. Rxh6# 1-0

[Event "Online Olym Top DivA 2021"]
[Site "chess.com INT"]
[Date "2021.09.10"]
[Round "9.1"]
[Board "1"]
[White "Batchuluun, Tsegmed"]
[Black "Jumabayev, Rinat"]
[Result "1/2-1/2"]
[WhiteTitle "GM"]
[BlackTitle "GM"]
[WhiteElo "2536"]
[BlackElo "2651"]
[WhiteTeam "Mongolia"]
[BlackTeam "Kazakhstan"]
[WhiteFideId "4900847"]
[BlackFideId "13702661"]
[EventDate "2021.09.08"]
[EventType "team"]

1. d4 d5 2. c4 e6 3. Nf3 Nf6 4. g3 Be7 5. Bg2 O-O 6. O-O c6 7. Nc3 a5 8. Qd3 b6
9. b3 Ba6 10. e4 b5 11. exd5 bxc4 12. bxc4 cxd5 13. Ne5 dxc4 14. Qe3 Ra7 15. d5
Rc7 16. dxe6 fxe6 17. Rd1 Qc8 18. Qb6 Bc5 19. Qxa5 Bxf2+ 20. Kxf2 Rc5 21. Qa3
Rxe5 22. Kg1 Qc7 23. Bf4 Qb6+ 24. Kh1 Ng4 25. Rf1 Rxf4 26. Rxf4 Nf2+ 27. Rxf2
Qxf2 28. Ne4 Qd4 29. Rb1 Rb5 30. Rf1 Rf5 31. Rb1 Rb5 32. Rf1 Rf5 33. Rb1 Rb5 1/2-1/2

[Event "Online Olym Top DivA 2021"]
[Site "chess.com INT"]
[Date "2021.09.10"]
[Round "9.1"]
[Board "2"]
[White "Makhnev, Denis"]
[Black "Nasanjargal, Urtnasan"]
[Result "1-0"]
[WhiteTitle "IM"]
[BlackTitle "GM"]
[WhiteElo "2513"]
[BlackElo "2460"]
[WhiteTeam "Kazakhstan"]
[BlackTeam "Mongolia"]
[WhiteFideId "13707647"]
[BlackFideId "4900774"]
[EventDate "2021.09.08"]
[EventType "team"]

1. d4 g6 2. e4 Bg7 3. Nf3 d6 4. Bd3 Nf6 5. O-O O-O 6. c3 Nc6 7. Nbd2 e5 8. Re1
Nh5 9. Nb3 Bg4 10. Be2 Re8 11. h3 Bd7 12. Bc4 Nf6 13. Ng5 Re7 14. d5 Nb8 15. Bf1
c6 16. c4 Na6 17. Bd2 cxd5 18. cxd5 Ba4 19. Qe2 h6 20. Nf3 Bxb3 21. axb3 Nc5 22.
Qc4 b5 23. Qb4 Nfxe4 24. Rxe4 a5 25. Qxb5 Nxe4 26. Bxa5 Qb8 27. b4 Nf6 28. Rd1
Rb7 29. Qc6 Nd7 30. Nd2 Bf8 31. Rc1 Rba7 32. Ne4 f5 33. Nc3 Rb7 34. Nb5 Nf6 35.
Bc7 Rxc7 36. Nxc7 Ra2 37. Ne6 Rxb2 38. b5 Be7 39. Qc3 Ra2 40. Qb3 Ra5 41. b6 Kh7
42. b7 Ra7 43. Rc7 Ng8 44. Ba6 Rxa6 45. Rc8 Ra1+ 46. Kh2 Qa7 47. Nc5 Bg5 48.
b8=Q Bf4+ 49. g3 Qa5 50. Q3b7+ 1-0

[Event "Online Olym Top DivA 2021"]
[Site "chess.com INT"]
[Date "2021.09.10"]
[Round "9.1"]
[Board "3"]
[White "Munguntuul, Batkhuyag"]
[Black "Saduakassova, Dinara"]
[Result "0-1"]
[WhiteTitle "IM"]
[BlackTitle "IM"]
[WhiteElo "2433"]
[BlackElo "2489"]
[WhiteTeam "Mongolia"]
[BlackTeam "Kazakhstan"]
[WhiteFideId "4900758"]
[BlackFideId "13700090"]
[EventDate "2021.09.08"]
[EventType "team"]

1. e4 e5 2. Nf3 Nc6 3. Bb5 a6 4. Ba4 Nf6 5. d3 d6 6. c4 g6 7. Nc3 Bg7 8. Nd5 Bd7
9. Bg5 h6 10. Bxf6 Bxf6 11. Nxf6+ Qxf6 12. h3 O-O 13. O-O Qg7 14. Re1 f5 15. Rc1
Rf6 16. c5 Raf8 17. Qb3+ Kh8 18. Qxb7 fxe4 19. dxe4 Rxf3 20. Bxc6 Bxh3 21. gxh3
Qf6 22. Rc2 Rxf2 23. Qb3 Qg5+ 0-1

[Event "Online Olym Top DivA 2021"]
[Site "chess.com INT"]
[Date "2021.09.10"]
[Round "9.1"]
[Board "4"]
[White "Nakhbayeva, Guliskhan"]
[Black "Batchimeg, Tuvshintugs"]
[Result "0-1"]
[WhiteTitle "IM"]
[BlackTitle "IM"]
[WhiteElo "2333"]
[BlackElo "2355"]
[WhiteTeam "Kazakhstan"]
[BlackTeam "Mongolia"]
[WhiteFideId "13704788"]
[BlackFideId "4900839"]
[EventDate "2021.09.08"]
[EventType "team"]

1. d4 e6 2. c4 Nf6 3. Nc3 Bb4 4. e3 c5 5. Nf3 b6 6. Bd3 Bb7 7. O-O O-O 8. Na4
cxd4 9. exd4 Be7 10. Bf4 d5 11. c5 bxc5 12. Nxc5 Qb6 13. b4 Nc6 14. Rb1 Rfd8 15.
Qa4 Bd6 16. Bg5 h6 17. Bxf6 gxf6 18. Nxb7 Qxb7 19. b5 Ne7 20. Qd1 f5 21. Qd2 Kg7
22. Rfc1 Rac8 23. h3 Ng6 24. g3 Rxc1+ 25. Rxc1 Rc8 26. a4 Bb4 27. Qe3 Bd6 28.
Qd2 Bb4 29. Qe3 Rxc1+ 30. Qxc1 Qb6 31. h4 Bd6 32. h5 Ne7 33. Kg2 Ng8 34. Qc3 Bc7
35. Ne5 Nf6 36. Be2 Ne4 37. Qc6 Bxe5 38. Qxb6 axb6 39. dxe5 Nc5 40. Bd1 f6 41.
f4 fxe5 42. fxe5 Nd7 43. Kf2 Nxe5 44. Ke3 Kf6 45. Kd4 Nc4 46. Bb3 Na5 47. Bd1
Ke7 48. Ke5 Nc4+ 49. Kd4 Kd6 50. Bb3 e5+ 51. Kc3 Na5 52. Bc2 d4+ 53. Kd2 e4 54.
g4 e3+ 55. Kd3 fxg4 56. Bd1 g3 57. Bf3 Ke5 58. Bg2 Nb3 59. Bh1 Nc5+ 60. Ke2 Nxa4
61. Bg2 Nc5 62. Bh1 Kf4 63. Bg2 d3+ 64. Ke1 Nb3 65. Kd1 e2+ 66. Ke1 Ke3 67. Bd5
d2# 0-1

[Event "Online Olym Top DivA 2021"]
[Site "chess.com INT"]
[Date "2021.09.10"]
[Round "9.1"]
[Board "5"]
[White "Gan-Erdene, Sugar"]
[Black "Zhalmakhanov, Ramazan"]
[Result "1/2-1/2"]
[WhiteTitle "IM"]
[BlackTitle "IM"]
[WhiteElo "2419"]
[BlackElo "2414"]
[WhiteTeam "Mongolia"]
[BlackTeam "Kazakhstan"]
[WhiteFideId "4902980"]
[BlackFideId "13706357"]
[EventDate "2021.09.08"]
[EventType "team"]

1. d4 d5 2. c4 e6 3. Nf3 c5 4. cxd5 exd5 5. g3 Nc6 6. Bg2 Nf6 7. O-O Be7 8. dxc5
Bxc5 9. Nc3 O-O 10. Na4 Be7 11. Be3 Ne4 12. Rc1 Bf6 13. Nd4 Ne5 14. Nb5 Nc6 15.
Bf4 Be6 16. Nc7 Rc8 17. Nxe6 fxe6 18. Bxe4 dxe4 19. Nc5 Qd5 20. Qxd5 exd5 21.
Rfd1 g5 22. Bd6 Rfd8 23. Nxb7 Rd7 24. Nc5 Rxd6 25. Nxe4 Re6 26. Nxf6+ Rxf6 27.
Rxd5 Re8 28. Rxg5+ Kh8 29. Kf1 Nd4 30. e3 Nf3 31. Rh5 Ne5 32. Rc7 h6 33. h3 Nd3
34. f4 Nxb2 35. Ke2 Rfe6 36. Rc3 Na4 37. Ra3 Nb6 38. Rc5 Nd7 39. Rb5 Nf6 40. Kf3
Ne4 41. Rd3 a6 42. Rbd5 Kg7 43. Rd7+ Kf6 44. R7d5 Rc6 45. R3d4 Nc3 46. Rd6+ Re6
47. Rxc6 Rxc6 48. a4 Rb6 49. g4 a5 50. Rc4 Rb3 51. Rc6+ Kg7 52. Rc7+ Kf6 53.
Rc6+ Kg7 54. Rc7+ Kg8 55. Rc8+ Kf7 56. Rc7+ Kg8 57. Rc8+ Kg7 58. Rc7+ 1/2-1/2

[Event "Online Olym Top DivA 2021"]
[Site "chess.com INT"]
[Date "2021.09.10"]
[Round "9.1"]
[Board "6"]
[White "Assaubayeva, Bibisara"]
[Black "Munkhzul, Davaakhuu"]
[Result "1-0"]
[WhiteTitle "IM"]
[BlackTitle "WFM"]
[WhiteElo "2400"]
[BlackElo "1991"]
[WhiteTeam "Kazakhstan"]
[BlackTeam "Mongolia"]
[WhiteFideId "13708694"]
[BlackFideId "4902815"]
[EventDate "2021.09.08"]
[EventType "team"]

1. d4 d5 2. c4 e6 3. Nc3 a6 4. cxd5 exd5 5. Nf3 Nf6 6. Bf4 Bd6 7. Be5 Be6 8. Qb3
b5 9. e3 Bxe5 10. Nxe5 Nfd7 11. Nxd7 Nxd7 12. Qc2 Qe7 13. Be2 O-O 14. O-O c5 15.
dxc5 Qxc5 16. Bd3 g6 17. Ne2 Qb6 18. Nd4 Rac8 19. Qe2 Ne5 20. Rac1 Nc4 21. b3
Nd6 22. Qf3 b4 23. h4 Nb7 24. h5 Kg7 25. Qf4 f6 26. Rc7+ Rf7 27. Rfc1 Re8 28.
Rxf7+ Bxf7 29. Rc6 Qd8 30. h6+ Kg8 31. Rxf6 Re7 32. Nc6 Qc7 33. Nxe7+ Qxe7 34.
Rxa6 Nc5 35. Ra8+ Be8 36. Bb5 Nd7 37. Bxd7 Qxd7 38. Qf6 1-0